[Event "ISR-ch op"]
[Site "Acre"]
[Date "2024.01.27"]
[Round "7"]
[White "Tzidkiya, Yeshaayahu"]
[Black "Yaniv, Yuval"]
[Result "1-0"]
[WhiteElo "2448"]
[BlackElo "2383"]
[PlyCount "118"]
[EventDate "2024.01.21"]
[EventType "swiss"]
[EventRounds "9"]
[EventCountry "ISR"]
[SourceTitle "CB05_2024"]
[SourceDate "2024.01.31"]
[SourceVersion "1"]
[SourceVersionDate "2024.01.31"]
[SourceQuality "1"]

1. Nf3 Nf6 2. g3 c5 3. Bg2 Nc6 4. 0-0 e6 5. d3 d6 6. e4 Be7 7. c3 0-0 8. Re1 Bd7 9. Nbd2 Qc7 10. a4 a6 11. Nc4 b5 12. axb5 axb5 13. Rxa8 Rxa8 14. Nxd6 Bxd6 15. e5 Be7 16. exf6 Bxf6 17. Bg5 Bxg5 18. Nxg5 Be8 19. Qh5 h6 20. Nf3 Ne7 21. d4 Rc8 22. dxc5 Qxc5 23. Qxc5 Rxc5 24. Bf1 Nc6 25. Nd2 Rd5 26. Nb3 Kf8 27. f4 Ne7 28. Ra1 Nf5 29. Kf2 g5 30. Bg2 Rd8 31. Ra8 Rxa8 32. Bxa8 f6 33. Be4 Nd6 34. Bd3 e5 35. fxe5 fxe5 36. Na5 Ke7 37. c4 e4 38. Be2 b4 39. Ke3 Bg6 40. g4 Kd7 41. c5 Nf7 42. Kd4 Nd8 43. Bb5+ Kc7 44. Bc4 Be8 45. Kxe4 Bd7 46. h3 Be6 47. Bd5 Bc8 48. Nc4 Ba6 49. Ne5 Bf1 50. Kf5 Bxh3 51. Kg6 Nb7 52. Bxb7 Kxb7 53. Kxh6 Bxg4 54. Nxg4 Kc6 55. Kxg5 Kxc5 56. Ne5 Kd4 57. Kf5 Kd5 58. b3 Kd4 59. Nc4 Kd5 1-0

[Event "Fagernes Autumn op"]
[Site "Fagernes"]
[Date "2023.10.11"]
[Round "5"]
[White "Heinemann, Josefine"]
[Black "Yaniv, Yuval"]
[Result "1-0"]
[WhiteElo "2296"]
[BlackElo "2382"]
[PlyCount "49"]
[EventDate "2023.10.08"]
[EventType "swiss"]
[EventRounds "9"]
[EventCountry "NOR"]
[SourceTitle "Mega2024 Update 01"]
[Source "Chessbase"]
[SourceDate "2023.11.12"]
[SourceVersion "1"]
[SourceVersionDate "2023.11.12"]
[SourceQuality "1"]

1. e4 c5 2. c3 Nf6 3. e5 Nd5 4. Nf3 Nc6 5. Bc4 Nb6 6. Bb3 c4 7. Bc2 g6 8. Qe2 d5 9. exd6 Qxd6 10. b3 Bg7 11. bxc4 Nb4 12. cxb4 Bxa1 13. c5 Qc7 14. Nc3 Bxc3 15. dxc3 Nd5 16. 0-0 0-0 17. Bh6 Rd8 18. Bb3 Be6 19. Re1 Bg4 20. h3 Bxf3 21. Qxf3 Nf6 22. g4 Qd7 23. g5 Nd5 24. Re5 Qc7 25. Rxd5 1-0

[Event "ISR-chT"]
[Site "Israel"]
[Date "2023.05.03"]
[Round "10.1"]
[White "Yaniv, Yuval"]
[Black "Fridman, Daniel"]
[Result "1/2-1/2"]
[WhiteElo "2366"]
[BlackElo "2595"]
[PlyCount "72"]
[EventDate "2023.01.11"]
[EventType "team-tourn"]
[EventRounds "11"]
[EventCountry "ISR"]
[SourceTitle "EXT 2024"]
[Source "ChessBase"]
[SourceDate "2023.10.10"]
[SourceVersion "1"]
[SourceVersionDate "2023.10.10"]
[SourceQuality "1"]
[WhiteTeam "Netanya"]
[BlackTeam "Ashdod II"]
[WhiteTeamCountry "ISR"]
[BlackTeamCountry "ISR"]

1. e4 e6 2. d4 d5 3. e5 c5 4. c3 Qb6 5. Nf3 Bd7 6. Be2 cxd4 7. cxd4 Bb5 8. Bxb5+ Qxb5 9. a3 Nc6 10. Nc3 Qa6 11. Rb1 Rc8 12. Ne2 Qb6 13. b4 Nge7 14. 0-0 h5 15. h4 Nf5 16. b5 Na5 17. Ng3 g6 18. Nxf5 gxf5 19. Bg5 Nc4 20. Bf6 Rh6 21. Qd3 Be7 22. Bxe7 Kxe7 23. Nd2 Rg6 24. Rfc1 Rg4 25. Nxc4 dxc4 26. Rxc4 Rxc4 27. Qxc4 Qxd4 28. Qxd4 Rxd4 29. b6 axb6 30. Rxb6 Rd7 31. Kh2 Kf8 32. g3 Kg7 33. f4 Kf8 34. a4 Rd4 35. Rxb7 Rxa4 36. Rb8+ Kg7 1/2-1/2

[Event "Rishon Le Ziyyon-ch U18"]
[Site "Rishon Le Ziyyon"]
[Date "2023.04.02"]
[Round "7"]
[White "Rozen, Eytan"]
[Black "Yaniv, Yuval"]
[Result "0-1"]
[WhiteElo "2458"]
[BlackElo "2359"]
[PlyCount "108"]
[EventDate "2023.03.28"]
[EventType "swiss"]
[EventRounds "9"]
[EventCountry "ISR"]
[SourceTitle "CBM 213 Extra"]
[Source "ChessBase"]
[SourceDate "2023.05.31"]
[SourceVersion "1"]
[SourceVersionDate "2023.05.31"]
[SourceQuality "1"]

1. d4 Nf6 2. Nf3 g6 3. g3 Bg7 4. Bg2 0-0 5. 0-0 d6 6. Nc3 Nbd7 7. a4 a5 8. e4 e5 9. Re1 Re8 10. h3 c6 11. Be3 Qc7 12. Qd2 exd4 13. Nxd4 Nc5 14. Bf4 Nfd7 15. Rad1 Ne5 16. b3 Qb6 17. Be3 Qb4 18. Na2 Qxd2 19. Rxd2 f5 20. exf5 gxf5 21. Nc3 Nf7 22. Nde2 Ne6 23. Red1 d5 24. Nxd5 cxd5 25. Rxd5 Ne5 26. Nf4 Nxf4 27. Bxf4 Nc6 28. Rb5 Nd4 29. Bxb7 Nxb5 30. Bxa8 Nc3 31. Rd6 Ne2+ 32. Kg2 Nxf4+ 33. gxf4 Kf7 34. Bd5+ Ke7 35. Rb6 Rd8 36. c4 Rd6 37. Rb8 Kd7 38. Ra8 Ra6 39. Rb8 Kc7 40. Rb5 Bc3 41. Rc5+ Kd8 42. Rb5 Bb4 43. Kf3 Kc7 44. Ke3 Rb6 45. Bg8 Rxb5 46. axb5 Bc5+ 47. Kf3 h6 48. Kg3 Kd6 49. Bd5 Be6 50. Bf3 Bd4 51. Kh4 Bf7 52. Kg3 Kc5 53. Bb7 Kb4 54. Bc8 Kxb3 0-1

[Event "ISR-ch 41st"]
[Site "Arad"]
[Date "2022.12.08"]
[Round "4"]
[White "Zanan, Evgeny"]
[Black "Yaniv, Yuval"]
[Result "0-1"]
[WhiteElo "2485"]
[BlackElo "2338"]
[PlyCount "70"]
[EventDate "2022.12.05"]
[EventType "swiss"]
[EventRounds "9"]
[EventCountry "ISR"]
[SourceTitle "CBM 211 Extra"]
[Source "ChessBase"]
[SourceDate "2023.01.31"]
[SourceVersion "1"]
[SourceVersionDate "2023.01.31"]
[SourceQuality "1"]

1. e4 c5 2. Nf3 Nc6 3. Nc3 e6 4. Bb5 Nd4 5. 0-0 a6 6. Bd3 Nc6 7. Re1 g5 8. Kh1 g4 9. Ng1 h5 10. f4 Bg7 11. Nd5 Nge7 12. Nxe7 Nxe7 13. e5 f5 14. exf6 Bxf6 15. c3 Qc7 16. Bc2 b5 17. d4 cxd4 18. f5 dxc3 19. bxc3 Bb7 20. fxe6 0-0-0 21. Ba3 dxe6 22. Qe2 Nd5 23. Be4 Kb8 24. Bb2 Nf4 25. Qf2 Bxe4 26. Rxe4 Nd3 27. Qe2 Nxb2 28. Rxe6 Bxc3 29. Rc1 Nd3 30. Rf1 Nf4 31. Rxf4 Qxf4 32. Rb6+ Kc7 33. Rxa6 Qe5 34. Qf2 Bd4 35. Qc2+ Qc5 0-1

[Event "EU-ch U18 30th"]
[Site "Antalya"]
[Date "2022.11.09"]
[Round "4"]
[White "Gharibyan, Mamikon"]
[Black "Yaniv, Yuval"]
[Result "1-0"]
[WhiteElo "2470"]
[BlackElo "2343"]
[PlyCount "79"]
[EventDate "2022.11.06"]
[EventType "swiss"]
[EventRounds "9"]
[EventCountry "TUR"]
[SourceTitle "CBM 211 Extra"]
[Source "ChessBase"]
[SourceDate "2023.01.31"]
[SourceVersion "1"]
[SourceVersionDate "2023.01.31"]
[SourceQuality "1"]

1. d4 d5 2. c4 e6 3. Nc3 c5 4. e3 Nf6 5. Nf3 a6 6. a3 dxc4 7. Bxc4 b5 8. Ba2 Bb7 9. 0-0 Be7 10. Qe2 0-0 11. dxc5 Bxc5 12. e4 Nc6 13. e5 Nd7 14. Rd1 Qc7 15. Bf4 Be7 16. Rac1 Rad8 17. Ne4 Qb8 18. Ng3 Nb6 19. h4 Rxd1+ 20. Rxd1 Rd8 21. Re1 Na4 22. h5 Nc5 23. Bb1 b4 24. axb4 Nxb4 25. Nf5 exf5 26. e6 Bd6 27. exf7+ Kxf7 28. Ng5+ Kg8 29. Bxf5 Bd5 30. Bxh7+ Kh8 31. h6 gxh6 32. Bd2 Nc6 33. Qh5 Bh2+ 34. Kh1 Ne5 35. Bc3 Bf4 36. Qxh6 Bxg5 37. Qxg5 Bxg2+ 38. Kxg2 Qb7+ 39. Be4 Qg7 40. Bxe5 1-0

[Event "EU-chT U18"]
[Site "Thessaloniki"]
[Date "2022.07.15"]
[Round "4.6"]
[White "Yaniv, Yuval"]
[Black "Prokofiev, Valentyn"]
[Result "1-0"]
[WhiteElo "2305"]
[BlackElo "2286"]
[PlyCount "95"]
[EventDate "2022.07.12"]
[EventType "team-swiss"]
[EventRounds "7"]
[EventCountry "GRE"]
[SourceTitle "CBM 209 Extra"]
[Source "ChessBase"]
[SourceDate "2022.09.30"]
[SourceVersion "1"]
[SourceVersionDate "2022.09.30"]
[SourceQuality "1"]
[WhiteTeam "Israel Tel Aviv U18"]
[BlackTeam "Ukraine U18"]
[WhiteTeamCountry "ISR"]
[BlackTeamCountry "UKR"]

1. e4 Nf6 2. e5 Nd5 3. d4 d6 4. Nf3 Bg4 5. Be2 c6 6. c4 Nc7 7. exd6 exd6 8. 0-0 Be7 9. Nc3 0-0 10. h3 Bh5 11. Qb3 Qc8 12. Be3 Nd7 13. Rac1 f5 14. Rfe1 Nf6 15. d5 c5 16. Ng5 Bf7 17. Bf3 Nd7 18. Nxf7 Kxf7 19. Bf4 Re8 20. Re6 Nb6 21. Rxd6 Bxd6 22. Bxd6 Na6 23. Nb5 Kg8 24. a3 Qd8 25. Bf4 Qh4 26. Bd2 Qf6 27. g3 Nd7 28. d6 Rab8 29. h4 Kh8 30. Bd5 Qf8 31. Bf4 Nf6 32. Nc7 Nxd5 33. cxd5 Re4 34. Ne6 Qe8 35. d7 Qxd7 36. Bxb8 c4 37. Qd1 b5 38. Bf4 h6 39. f3 Rxe6 40. dxe6 Qxe6 41. Qd6 Qc8 42. Rd1 Kh7 43. h5 Nc5 44. Qg6+ Kh8 45. Re1 Ne4 46. fxe4 Qc5+ 47. Be3 Qe5 48. Rd1 1-0